Catálogo

INTRODUCCION A LA ZOOLOGIA (Registro nro. 14814)

Detalles MARC
000 -LEADER
fixed length control field 00975nam a2200193 a 4500
001 - CONTROL NUMBER
control field 14814
005 - DATE AND TIME OF LATEST TRANSACTION
control field 20180713203339.0
008 - FIXED-LENGTH DATA ELEMENTS--GENERAL INFORMATION
fixed length control field 140415s1982 mx 000 0 spa d
020 ## - INTERNATIONAL STANDARD BOOK NUMBER
International Standard Book Number 968260320
041 ## - LANGUAGE CODE
Language code of text/sound track or separate title spa
082 ## - DEWEY DECIMAL CLASSIFICATION NUMBER
Classification number 591
Item number MOR
245 00 - TITLE STATEMENT
Title INTRODUCCION A LA ZOOLOGIA
250 ## - EDITION STATEMENT
Edition statement 1a ed.
260 ## - PUBLICATION, DISTRIBUTION, ETC.
Place of publication, distribution, etc. MEXICO :
Name of publisher, distributor, etc. CECSA,
Date of publication, distribution, etc. 1982
300 ## - PHYSICAL DESCRIPTION
Extent 111
Dimensions x 16 x 23
520 ## - SUMMARY, ETC.
Summary, etc. ESTE LIBRO OFRECE POR UNA PARTE, UN PANORAMA GENERAL DE AQUELLOS HECHOS DE LA VIDA COTIDIANA QUE ESTÁN RELACIONADOS CON LA BIOLOGÍA A AQUELLOS ESTUDIANTES QUE QUIZÁ NO SIGAN UNA CARRERA UNIVERSITARIA O QUE, DE SEGUIRLA, ÉSTA NO CAYERA DENTRO DEL CAMPO DE LAS CIENCIAS BIOLÓGICAS Y, POR OTRA, EL DE DAR LOS CONCEPTOS BIOLÓGICOS BÁSICOS Y ALGUNA OPORTUNIDAD DE DESPERTAR EL INTERÉS EN CIERTAS ÁREAS PARA AQUELLOS QUE PRETENDAN PROSEGUIR ESTUDIOS SUPERIORES EN EL ÁMBITO DE LAS CIENCIAS DE LA
650 14 - SUBJECT ADDED ENTRY--TOPICAL TERM
Topical term or geographic name entry element ZOOLOGIA
700 1# - ADDED ENTRY--PERSONAL NAME
Personal name MORÓN RIOS, MIGUEL ÁNGEL
Relator term coaut.
Existencias
Withdrawn status Lost status Source of classification or shelving scheme Damaged status Not for loan Collection code Home library Current library Shelving location Date acquired Source of acquisition Inventory number Total Checkouts Full call number Barcode Date last seen Date last checked out Price effective from Koha item type
    Dewey Decimal Classification     General Biblioteca Karol Wojtyla Biblioteca Karol Wojtyla Sala general 03/12/2013 Compra 151000000000000000001132 2 591 MOR 3216 05/01/2026 06/09/2019 03/12/2013 Libro